Normal view MARC view

Entry Topical Term

Number of records used in: 1

001 - CONTROL NUMBER

  • control field: 35637

003 - CONTROL NUMBER IDENTIFIER

  • control field: OSt

005 - DATE AND TIME OF LATEST TRANSACTION

  • control field: 20230217162547.0

008 - FIXED-LENGTH DATA ELEMENTS

  • fixed length control field: 230217|| aca||aabn | a|a d

040 ## - CATALOGING SOURCE

  • Original cataloging agency: OSt
  • Transcribing agency: OSt

150 ## - HEADING--TOPICAL TERM

  • Topical term or geographic name entry element: Local economy, Sub-national governance, Network , Related variety-smart specialisation

670 ## - SOURCE DATA FOUND

  • Source citation: Work cat.: (OSt): Salder, Jacob 35636, Defining local economies beyond their boundaries

Powered by Koha